Taylor Swift - Fearless - Statistics

General Stats
  • This quiz has been taken 36 times
  • The average score is 23 of 26
Answer Stats
Answer % Correct
Fearless
100%
Love Story
100%
Fifteen
96%
White Horse
96%
You Belong With Me | YBWM
96%
Breathe
93%
You're Not Sorry
93%
Bye Bye Baby
89%
Hey Stephen
89%
Mr. Perfectly Fine
89%
The Other Side Of The Door | TOSOTD
89%
Change
86%
Forever & Always
86%
Forever & Always (Piano Version)
86%
That's When
86%
The Way I Loved You | TWILY
86%
You All Over Me | YAOM
86%
Don't You
82%
Jump Then Fall
82%
Superstar
82%
Tell Me Why
82%
The Best Day
82%
Today Was A Fairytale | TWAF
79%
Untouchable
79%
We Were Happy
79%
Come In With The Rain | CIWTR
75%
No matching quizzes found
Score Distribution
Percent of People with Each Score
Percentile by Number Answered
Your Score History
You have not taken this quiz